000
00287nam a22001337a 4500
008
181122b xxu||||| |||| 00| 0 eng d
020
_a
0962474525
041
_a
eng
080
_a
070
100
_a
40
101
_a
MED
245
_a
Life after Television
_c
Gilder,G
942
_2
udc
_c
BK
999
_c
52360
_d
52360